| 000 | 01604nam a22002057a 4500 | ||
|---|---|---|---|
| 999 |
_c6477 _d6477 |
||
| 003 | AR-CdUCM | ||
| 008 | 190318b ||||| |||| 00| 0 spa d | ||
| 040 |
_aMUNICIPALIDAD PROVINCIAL DEL CUSCO _cBIBLIOTECA MUNICIPAL DEL CUSCO |
||
| 082 |
_a030 / _bES77 |
||
| 245 | _aEspasa Calpe | ||
| 300 |
_a52 tomos ; _c17 cm. |
||
| 440 |
_aColección gratuita con la revista Gente (Lima-Perú) por su 30 aniversario. _918359 |
||
| 505 | _aContenido: T.1 A - Aeronautica --T.2 Aer - Alfonso -- T.3 Alf - Anglístico -- T.4 Ang - Argos -- T.5 Arg - Augita --T.6 Aug - Bárbara -- T.7 Bar - Billar -- T.8 Bil - Braña -- T.9 Bra - Calabaza --T.10 Cal - Caraismo -- T.11 Car- Centro -- T.12 Cen - Colusor -- T.13 Col - Copenhague -- T.14 Cop - Cuba -- T.15 Cub - Chiguete -- T.16 Chi - Descubierta -- T.17 Des - Directivo -- T.18 Dir - El Hoceima -- T.19 El - Ensay -- T.21 Esp - Ezra -- t.22 F. - Fonseca -- T.23 Fon - Garibaldi -- T.25 Gre - Hepática -- T.26 hep - Hyéres --T.27 I - Interés -- T.28 Int - Juan III -- T.29 Jua - Le brun -- T.30 Le - Lucubrar --T.31 Luc - Manjúa -- T.33 Mel - Mona -- T.36 Nuñ - Oswiecim -- T.37 Ot - Parroquiano -- t.50 Uni - Venecia -- T.39 Pes - Ponchielli -- T.38 Par - Pesado -- T.40 Pon - Puerto -- T.41 Pue - Redingote -- T.43 Riv - Saluen -- T.44 Sal - Sampere --T.45 Sem - Solicitador -- T.48 Ter - Tránsfuga -- T.49 Tra - Union act --T.51 Ven - Vouillé -- T.52 Voz - Zyrianos. | ||
| 650 |
_aRevista gente. _918360 |
||
| 650 |
_aHumanidades. _9641 |
||
| 650 |
_aEspasa calpe _918361 |
||
| 700 |
_aBanco Continental. _918362 |
||
| 942 |
_2ddc _cLIBROS |
||
| 945 | _adavv | ||